<?xml version="1.0" encoding="UTF-8"?>
<record
    xmlns:xsi="http://www.w3.org/2001/XMLSchema-instance"
    xsi:schemaLocation="http://www.loc.gov/MARC21/slim http://www.loc.gov/standards/marcxml/schema/MARC21slim.xsd"
    xmlns="http://www.loc.gov/MARC21/slim">

  <leader>00854cam a22002531  4500</leader>
  <controlfield tag="001">sa 68012298 </controlfield>
  <controlfield tag="003">DLC</controlfield>
  <controlfield tag="005">20260227112608.0</controlfield>
  <controlfield tag="008">900220s1955    ii            000 0 arar </controlfield>
  <datafield tag="010" ind1=" " ind2=" ">
    <subfield code="a">sa 68012298 </subfield>
  </datafield>
  <datafield tag="035" ind1=" " ind2=" ">
    <subfield code="a">(OCoLC)21097663</subfield>
  </datafield>
  <datafield tag="040" ind1=" " ind2=" ">
    <subfield code="a">DLC</subfield>
    <subfield code="c">WaU</subfield>
    <subfield code="d">DLC</subfield>
  </datafield>
  <datafield tag="042" ind1=" " ind2=" ">
    <subfield code="a">premarc</subfield>
  </datafield>
  <datafield tag="050" ind1="0" ind2="0">
    <subfield code="a">BP135.A2</subfield>
    <subfield code="b">K39 1955</subfield>
  </datafield>
  <datafield tag="100" ind1="2" ind2=" ">
    <subfield code="a">Kha&#x1E6D;&#x12B;b al-Tibr&#x12B;z&#x12B;, Mu&#x1E25;ammad ibn &#x2BB;Abd All&#x101;h,</subfield>
    <subfield code="d">active 1337.</subfield>
  </datafield>
  <datafield tag="245" ind1="1" ind2="0">
    <subfield code="a">Mishk&#x101;t al-Ma&#x1E63;&#x101;b&#x12B;&#x1E25;.</subfield>
  </datafield>
  <datafield tag="260" ind1=" " ind2=" ">
    <subfield code="c">1375 [1955 or 6]</subfield>
  </datafield>
  <datafield tag="300" ind1=" " ind2=" ">
    <subfield code="a">628 p.</subfield>
    <subfield code="c">37 cm.</subfield>
  </datafield>
  <datafield tag="500" ind1=" " ind2=" ">
    <subfield code="a">Binder's title: Mihsk&#x101;t al-Ma&#x1E63;&#x101;b&#x12B;h [by] Mu&#x1E25;ammad ibn &#x2BB;Abd Allah al-Kha&#x1E6D;&#x12B;b al-Tibr&#x12B;z&#x12B;.</subfield>
  </datafield>
  <datafield tag="500" ind1=" " ind2=" ">
    <subfield code="a">A commentary on the hadith collected by al-Baghaw&#x12B;.</subfield>
  </datafield>
  <datafield tag="500" ind1=" " ind2=" ">
    <subfield code="a">Reproduced from MS. copy.</subfield>
  </datafield>
  <datafield tag="600" ind1="1" ind2="0">
    <subfield code="a">Baghaw&#x12B;, al-&#x1E24;usayn ibn Mas&#x2BB;&#x16B;d,</subfield>
    <subfield code="d">-1117?</subfield>
    <subfield code="t">Ma&#x1E63;&#x101;b&#x12B;&#x1E25; al-sunnah.</subfield>
  </datafield>
  <datafield tag="650" ind1=" " ind2="0">
    <subfield code="a">Hadith.</subfield>
  </datafield>
  <datafield tag="999" ind1=" " ind2=" ">
    <subfield code="c">84437</subfield>
    <subfield code="d">84437</subfield>
  </datafield>
</record>
